[Event "CPA 2018 Zevio"]
[Site "?"]
[Date "2018.01.27"]
[Round "2.10"]
[White "Bonini, Roberto"]
[Black "Pompele, Andrea"]
[Result "1-0"]
[WhiteElo "1843"]
[BlackElo "1447"]
[PlyCount "95"]
[EventDate "2018.??.??"]

1. e4 e5 2. Nf3 Nc6 3. Bb5 Nf6 4. O-O Nxe4 5. Re1 Nd6 6. Nxe5 Nxe5 7. Rxe5+ Be7
8. Bf1 O-O 9. d4 Bf6 10. Re1 Nf5 11. c3 d5 12. Bf4 c6 13. Bd3 Be6 14. Nd2 Nh4
15. Qh5 g6 16. Qd1 Qd7 17. g3 Bg4 18. f3 Bf5 19. Bf1 Bh3 20. gxh4 Bxh4 21. Bg3
Bxg3 22. hxg3 h5 23. Qe2 Rae8 24. Qf2 f6 25. Rxe8 Rxe8 26. Re1 Rxe1 27. Qxe1 g5
28. Bd3 Kf7 29. Kh2 Bf5 30. Qe3 h4 31. Nf1 Bxd3 32. Qxd3 Qd6 33. Qf5 a5 34. Kh3
hxg3 35. Nxg3 Qd8 36. Qh7+ Ke6 37. Nf5 b5 38. Kg4 b4 39. Ng7+ Kd6 40. Qf5 Qe7
41. Nh5 Qe2 42. Qxf6+ Kc7 43. Qe5+ Qxe5 44. dxe5 bxc3 45. bxc3 c5 46. Ng3 d4
47. cxd4 cxd4 48. Ne4 1-0

[Event "CPA 2018 Zevio"]
[Site "?"]
[Date "2018.01.27"]
[Round "2.11"]
[White "Antolini, Aldo"]
[Black "Adami, Antonio"]
[Result "0-1"]
[WhiteElo "1559"]
[BlackElo "1790"]
[PlyCount "120"]
[EventDate "2018.??.??"]

1. d4 Nf6 2. Nf3 g6 3. c4 Bg7 4. Nc3 O-O 5. e3 d6 6. Be2 Nbd7 7. O-O c5 8. d5
Nb6 9. h3 e6 10. e4 exd5 11. exd5 Bd7 12. Bf4 Qc7 13. Rc1 Nh5 14. Bh2 a6 15.
Ne4 Nc8 16. Qd2 Bf5 17. Ng3 Nxg3 18. Bxg3 b5 19. cxb5 axb5 20. b3 b4 21. Bb5
Bc3 22. Qe2 Ne7 23. a4 Bc8 24. Rfd1 Bb7 25. Qe4 Nf5 26. Bh2 Rad8 27. Qf4 Qb6
28. Qc4 Ra8 29. Ng5 Rfd8 30. Ne4 Bg7 31. Re1 Ba6 32. Bxa6 Qxa6 33. Qxa6 Rxa6
34. Rb1 Bd4 35. g4 Nh4 36. Re2 Kf8 37. Bg3 Nf3+ 38. Kg2 Ne5 39. Nf6 h6 40. Ne4
g5 41. Nxd6 Raxd6 42. Bxe5 Rxd5 43. Bxd4 cxd4 44. Rd2 Rc8 45. Rbb2 Rc3 46. f3
d3 47. Kf2 Re5 48. Kf1 Ke7 49. Kf2 Kd6 50. Kf1 Kc5 51. Kf2 Kd4 52. Kf1 Rec5 53.
Kf2 Rc2 54. Ke1 Kc3 55. Ra2 Kxb3 56. Ra1 Kb2 57. Rad1 Rxd2 58. Kxd2 b3 59. Ke3
Kc2 60. Rd2+ Kc1 0-1

[Event "CPA 2018 Zevio"]
[Site "?"]
[Date "2018.01.27"]
[Round "2.12"]
[White "Bonavigo, Claudio"]
[Black "Gallo, Fausto"]
[Result "1-0"]
[WhiteElo "1764"]
[BlackElo "1440"]
[PlyCount "63"]
[EventDate "2018.??.??"]

1. e4 c5 2. Nc3 e6 3. g3 g6 4. Bg2 Bg7 5. d3 Nc6 6. Be3 d6 7. f4 Nge7 8. Nge2
O-O 9. O-O a6 10. Qd2 Nd4 11. Nd1 Bd7 12. c3 Ndc6 13. g4 f5 14. gxf5 exf5 15.
Ng3 b6 16. Nf2 Rc8 17. Rad1 Nb8 18. d4 cxd4 19. Bxd4 fxe4 20. Bxg7 Kxg7 21.
Ngxe4 d5 22. Qd4+ Kh6 23. Ng3 Rc4 24. Qd2 Kg7 25. Nd3 Rc6 26. Nb4 Rc5 27. Qd4+
Kh6 28. Nd3 Rc4 29. Qe3 Nf5 30. Nxf5+ Bxf5 31. Ne5 Kg7 32. Nxc4 1-0

[Event "CPA 2018 Zevio"]
[Site "?"]
[Date "2018.01.27"]
[Round "2.13"]
[White "Gneo, Marco"]
[Black "Bonelli, Francesco"]
[Result "1-0"]
[WhiteElo "1700"]
[BlackElo "1375"]
[PlyCount "59"]
[EventDate "2018.??.??"]

1. Nf3 Nf6 2. g3 d5 3. d4 e6 4. Bg2 Nbd7 5. O-O c5 6. c4 b6 7. cxd5 Nxd5 8. e4
N5f6 9. d5 e5 10. Nc3 Bd6 11. Re1 O-O 12. Nb5 Bb8 13. a4 a6 14. Nc3 Bd6 15. Nd2
Ne8 16. Nc4 f5 17. exf5 Rxf5 18. Bh3 Rf7 19. Be6 Qf6 20. Ne4 Qe7 21. Ng5 Kh8
22. Nxf7+ Kg8 23. Nfxd6+ Kh8 24. Nf7+ Kg8 25. Nfxe5+ Kh8 26. Bxd7 Kg8 27. d6
Qf8 28. Qd5+ Kh8 29. Nf7+ Kg8 30. Nh6+ 1-0

[Event "CPA 2018 Zevio"]
[Site "?"]
[Date "2018.01.27"]
[Round "2.14"]
[White "Fiscato, Claudio"]
[Black "Tencheni, Maurizio"]
[Result "1/2-1/2"]
[WhiteElo "1678"]
[BlackElo "1664"]
[PlyCount "61"]
[EventDate "2018.??.??"]

1. e4 c5 2. Nf3 e6 3. d4 cxd4 4. Nxd4 a6 5. Nc3 Qc7 6. g3 b6 7. Bg2 Bb7 8. O-O
d6 9. Kh1 Nd7 10. Re1 Ngf6 11. Nb3 Be7 12. Bf4 O-O 13. Nd2 Rfd8 14. Qe2 Rac8
15. Rad1 Ne8 16. Qh5 Nef6 17. Qe2 b5 18. a3 Ne8 19. Nf1 Nb6 20. Nd2 Nc4 21.
Nxc4 Qxc4 22. Qxc4 Rxc4 23. Bf1 Rc6 24. Bg2 Rc7 25. Be3 Rdc8 26. f3 Bf6 27. Bd4
Be7 28. f4 Kf8 29. h3 h6 30. Kh2 Rc4 31. Bf1 1/2-1/2

[Event "CPA 2018 Zevio"]
[Site "?"]
[Date "2018.01.27"]
[Round "2.15"]
[White "Gallo, Giulio"]
[Black "Trigili, Franco"]
[Result "1-0"]
[WhiteElo "1547"]
[BlackElo "1497"]
[PlyCount "97"]
[EventDate "2018.??.??"]

1. d4 Nf6 2. c4 d6 3. Nc3 Bf5 4. Qb3 b6 5. g3 c6 6. Bg2 e6 7. e4 Bg6 8. Nge2
Be7 9. Nf4 O-O 10. Nxg6 fxg6 11. Bh3 e5 12. Be3 exd4 13. Bxd4 c5 14. Be3 Nbd7
15. Be6+ Kh8 16. f4 Nh5 17. O-O-O g5 18. Nd5 gxf4 19. gxf4 Ndf6 20. Nxf6 Rxf6
21. f5 Qc7 22. Rhg1 g6 23. Qc3 Ng7 24. Bg5 Rff8 25. f6 Rxf6 26. Bxf6 Bf8 27. h4
Re8 28. Bd5 Re5 29. Bxe5 dxe5 30. Rdf1 Qd6 31. Rf7 Be7 32. Rgf1 Nh5 33. Qh3 Qd8
34. Rxe7 Qxe7 35. Qc8+ Kg7 36. Rf7+ Qxf7 37. Bxf7 Kxf7 38. Qd7+ Kf6 39. Qxh7
Ng3 40. Qh8+ Ke6 41. Qe8+ Kf6 42. Qf8+ Ke6 43. Qf3 Nh5 44. Qg4+ Kf6 45. Qg5+
Kf7 46. Qxe5 Nf6 47. Qc7+ Ke6 48. Qd8 Ke5 49. Qe7+ 1-0

[Event "CPA 2018 Zevio"]
[Site "?"]
[Date "2018.01.27"]
[Round "2.16"]
[White "Fusa, Nicola"]
[Black "Zonta, Riccardo"]
[Result "1/2-1/2"]
[WhiteElo "1647"]
[BlackElo "1563"]
[PlyCount "36"]
[EventDate "2018.??.??"]

1. e4 d5 2. exd5 Qxd5 3. Nc3 Qd8 4. d4 Nf6 5. Nf3 c6 6. Be2 e6 7. O-O Be7 8.
Bf4 Nbd7 9. a3 O-O 10. Qd2 Re8 11. Rfe1 Nb6 12. Rad1 Nbd5 13. Nxd5 exd5 14. Bd3
Bg4 15. Be2 Bd6 16. Bxd6 Qxd6 17. h3 Bh5 18. Ne5 Bxe2 1/2-1/2

[Event "CPA 2018 Zevio"]
[Site "?"]
[Date "2018.01.27"]
[Round "2.17"]
[White "Rizzi, Matilde"]
[Black "Bartiromo, Gerardo"]
[Result "1/2-1/2"]
[WhiteElo "1404"]
[BlackElo "1605"]
[PlyCount "69"]
[EventDate "2018.??.??"]

1. e4 e5 2. Nf3 Nc6 3. d4 exd4 4. Nxd4 Nxd4 5. Qxd4 d6 6. Nc3 Nf6 7. Bg5 Be7 8.
f3 Be6 9. O-O-O c6 10. Kb1 Qa5 11. Bd2 Qb6 12. Be3 c5 13. Qa4+ Bd7 14. Bb5 Bc6
15. Qb3 Bxb5 16. Qxb5+ Qxb5 17. Nxb5 O-O 18. Nxd6 Bxd6 19. Rxd6 Rfd8 20. Bxc5
Rxd6 21. Bxd6 Rd8 22. Be7 Rd2 23. Bxf6 gxf6 24. Rg1 h5 25. h3 Kf8 26. Kc1 Rf2
27. c3 h4 28. Kb1 Ke7 29. a3 Ke6 30. b4 Ke5 31. a4 Kf4 32. a5 Kg3 33. Rd1 Kxg2
34. Rd7 Rxf3 35. Rxf7 1/2-1/2

[Event "CPA 2018 Zevio"]
[Site "?"]
[Date "2018.01.27"]
[Round "2.19"]
[White "Rausse, Leopoldo"]
[Black "Benedetti, Maurizio"]
[Result "1/2-1/2"]
[WhiteElo "1440"]
[BlackElo "1644"]
[PlyCount "44"]
[EventDate "2018.??.??"]

1. c4 e5 2. Nc3 Nf6 3. g3 Bc5 4. Na4 Be7 5. Bg2 c6 6. d3 d5 7. cxd5 cxd5 8. Nf3
Nc6 9. O-O O-O 10. a3 Bg4 11. e3 Qc8 12. Qb3 Bh3 13. Bd2 Bxg2 14. Kxg2 Rd8 15.
Rac1 Rb8 16. Nxe5 Qf5 17. Nxc6 bxc6 18. Qc2 h5 19. Ba5 h4 20. gxh4 Qg4+ 21. Kh1
Qf3+ 22. Kg1 Qg4+ 1/2-1/2

[Event "CPA 2018 Zevio"]
[Site "?"]
[Date "2018.01.27"]
[Round "2.20"]
[White "Jirillo, Antonio"]
[Black "Biasiolo, Michele"]
[Result "0-1"]
[WhiteElo "1609"]
[BlackElo "1481"]
[PlyCount "50"]
[EventDate "2018.??.??"]

1. f4 d5 2. Nf3 Nf6 3. e3 Nc6 4. b3 g6 5. d4 Bg7 6. Bb5 Bd7 7. O-O O-O 8. Qe1
a6 9. Bd3 Bg4 10. c4 e6 11. Ba3 Re8 12. Nbd2 Bxf3 13. Rxf3 Nd7 14. Rh3 Nxd4 15.
Rb1 Nf5 16. Bb2 Nc5 17. Bc2 d4 18. Bxf5 exf5 19. Qh4 Qxh4 20. Rxh4 dxe3 21. Nf3
f6 22. g4 fxg4 23. Rxg4 Rad8 24. h4 e2 25. h5 Rd1+ 0-1

[Event "CPA 2018 Zevio"]
[Site "?"]
[Date "2018.01.27"]
[Round "2.21"]
[White "Leone, Cataldo"]
[Black "Pizzamano, Maria"]
[Result "1-0"]
[WhiteElo "1600"]
[BlackElo "1433"]
[PlyCount "92"]
[EventDate "2018.??.??"]

1. e4 e5 2. Nc3 Nf6 3. f4 Nc6 4. Nf3 d6 5. d4 exd4 6. Nxd4 Bg4 7. Nf3 Qe7 8.
Bd3 O-O-O 9. h3 Bf5 10. Qe2 Bd7 11. a3 g6 12. O-O Bg7 13. Be3 Rde8 14. Nd2 Nh5
15. Qf3 f5 16. Rab1 Rhf8 17. Nd5 Qe6 18. exf5 gxf5 19. Rbe1 Nf6 20. Nxf6 Qxf6
21. c3 Qh4 22. Bf2 Qh6 23. Nb3 a6 24. Nd4 Nxd4 25. Bxd4 Bxd4+ 26. cxd4 Bc6 27.
Rxe8+ Rxe8 28. Bxf5+ Kb8 29. d5 Bb5 30. Bd3 Bxd3 31. Qxd3 Rf8 32. f5 Qf6 33. b4
h5 34. Qe4 Qe5 35. Qxe5 dxe5 36. g4 hxg4 37. hxg4 Rg8 38. f6 Rxg4+ 39. Kf2 Rg8
40. Ke3 Kc8 41. Ke4 Kd7 42. Kxe5 Re8+ 43. Kf5 Rf8 44. Re1 Kd6 45. Kg6 Kxd5 46.
Kg7 Rd8 1-0

[Event "CPA 2018 Zevio"]
[Site "?"]
[Date "2018.01.27"]
[Round "3.1"]
[White "Zenari, Marco"]
[Black "Carli, Carlo"]
[Result "1-0"]
[WhiteElo "2019"]
[BlackElo "2060"]
[PlyCount "35"]
[EventDate "2018.??.??"]

1. e4 e5 2. Nf3 d6 3. d4 Nf6 4. dxe5 Nxe4 5. Qd5 Nc5 6. Bg5 Be7 7. exd6 Qxd6 8.
Nc3 c6 9. Qxd6 Bxd6 10. O-O-O Bc7 11. Bc4 Ne6 12. Rhe1 O-O 13. Be7 Re8 14. Bd6
Bxd6 15. Rxd6 Kf8 16. Red1 h6 17. Ne5 b5 18. Nxb5 1-0

[Event "CPA 2018 Zevio"]
[Site "?"]
[Date "2018.01.27"]
[Round "3.3"]
[White "Gallo, Giulio"]
[Black "Garonzi, Martino"]
[Result "1/2-1/2"]
[WhiteElo "1547"]
[BlackElo "2023"]
[PlyCount "57"]
[EventDate "2018.??.??"]

1. d4 Nf6 2. c4 g6 3. Nc3 Bg7 4. e4 d6 5. Nf3 O-O 6. Be2 e5 7. O-O Nc6 8. dxe5
dxe5 9. a3 h6 10. b4 Be6 11. Bb2 Qxd1 12. Rfxd1 Rfd8 13. Bd3 Bg4 14. Ne2 Bxf3
15. gxf3 Nh5 16. Bc2 Nd4 17. Bxd4 exd4 18. Rd3 b6 19. b5 a6 20. Rad1 axb5 21.
cxb5 Ra5 22. a4 c5 23. bxc6 Rc5 24. Bb3 Rxc6 25. Nxd4 Rcd6 26. Bd5 Nf4 27. Nb5
Nxd3 28. Nxd6 Rxd6 29. Rxd3 1/2-1/2

[Event "CPA 2018 Zevio"]
[Site "?"]
[Date "2018.01.27"]
[Round "3.4"]
[White "Marin, Alessandro"]
[Black "Nori, Marco"]
[Result "1-0"]
[WhiteElo "1999"]
[BlackElo "1503"]
[PlyCount "67"]
[EventDate "2018.??.??"]

1. e4 c5 2. Nf3 Nc6 3. Nc3 a6 4. d4 cxd4 5. Nxd4 e6 6. Be3 Nf6 7. a3 d5 8. exd5
Nxd5 9. Nxc6 bxc6 10. Qd2 Be7 11. Bd3 Bf6 12. O-O Nxc3 13. bxc3 Rb8 14. Rab1
Rxb1 15. Rxb1 O-O 16. Rb6 Qc7 17. Bc5 Be7 18. Qe3 Bxc5 19. Qxc5 Rd8 20. Rxc6
Qb8 21. h3 g6 22. Qe7 Bd7 23. Rd6 Qc7 24. Bxa6 Kg7 25. Bb5 Qxc3 26. Rxd7 Qe1+
27. Bf1 Rxd7 28. Qxd7 Qc3 29. Qd3 Qa5 30. c4 Qc5 31. Qc3+ e5 32. Qb4 Qd4 33. c5
Qd8 34. c6 1-0

[Event "CPA 2018 Zevio"]
[Site "?"]
[Date "2018.01.27"]
[Round "3.6"]
[White "Goldoni, Claudio"]
[Black "Leone, Cataldo"]
[Result "1-0"]
[WhiteElo "1986"]
[BlackElo "1600"]
[PlyCount "75"]
[EventDate "2018.??.??"]

1. e4 e5 2. Nf3 Nf6 3. Nc3 Nc6 4. Bb5 d6 5. d4 exd4 6. Nxd4 Bd7 7. Nxc6 Bxc6 8.
Bxc6+ bxc6 9. O-O Be7 10. Bf4 O-O 11. e5 dxe5 12. Bxe5 Nd5 13. Qd4 Nb4 14. Qc4
Qd7 15. Rac1 Rfd8 16. a3 Nd5 17. Rcd1 Bd6 18. Nxd5 cxd5 19. Qxd5 Rab8 20. c4
Qe6 21. Qxe6 fxe6 22. Bc3 Rf8 23. b4 Rf7 24. c5 Be7 25. Rfe1 Bf6 26. Bxf6 Rxf6
27. Rd7 Rf7 28. Red1 Rc8 29. Rd8+ Rxd8 30. Rxd8+ Rf8 31. Rxf8+ Kxf8 32. Kf1 Ke7
33. Ke2 Kd7 34. b5 c6 35. a4 Kc7 36. Kd3 Kb7 37. Kd4 a6 38. b6 1-0

[Event "CPA 2018 Zevio"]
[Site "?"]
[Date "2018.01.27"]
[Round "3.7"]
[White "Bartiromo, Gerardo"]
[Black "Bertani, Gianfranco"]
[Result "0-1"]
[WhiteElo "1605"]
[BlackElo "1983"]
[PlyCount "68"]
[EventDate "2018.??.??"]

1. e4 c5 2. Nf3 Nc6 3. c3 d6 4. d4 Nf6 5. d5 Nb8 6. Bd3 Bg4 7. Nbd2 e5 8. O-O
Be7 9. Nc4 O-O 10. Ne3 Bc8 11. c4 g6 12. Bd2 Nh5 13. Nc2 Bf6 14. b4 Nd7 15. Rb1
Nf4 16. Bxf4 exf4 17. Qd2 g5 18. g4 cxb4 19. Nxb4 Nc5 20. h3 h5 21. Nh2 Qe7 22.
f3 Kg7 23. Be2 hxg4 24. Nxg4 Bxg4 25. hxg4 Rh8 26. Kg2 Qe5 27. Rh1 a5 28. Nc2
Rxh1 29. Kxh1 Nxe4 30. fxe4 Qxe4+ 31. Kg1 f3 32. Bxf3 Qxf3 33. Qg2 Qd3 34. Rxb7
Qd1+ 0-1

[Event "CPA 2018 Zevio"]
[Site "?"]
[Date "2018.01.27"]
[Round "3.8"]
[White "Oppici, Gabriele"]
[Black "Antolini, Aldo"]
[Result "1-0"]
[WhiteElo "1964"]
[BlackElo "1569"]
[PlyCount "179"]
[EventDate "2018.??.??"]

1. d4 e6 2. Nf3 Nf6 3. Bf4 d5 4. e3 Bd6 5. Bg3 Ne4 6. Nbd2 Nxg3 7. hxg3 Nc6 8.
Bd3 h6 9. c3 Qe7 10. O-O Bd7 11. e4 dxe4 12. Nxe4 O-O 13. Re1 Qd8 14. Nxd6 cxd6
15. Nd2 d5 16. Nf3 f5 17. Bb5 Rc8 18. Bxc6 Rxc6 19. Ne5 Rb6 20. Qd2 Rf6 21. f4
Be8 22. Kf2 Bb5 23. Rh1 Be8 24. Rh4 Qe7 25. Rah1 Qf8 26. Ke1 Rd6 27. g4 fxg4
28. Nxg4 Rg6 29. Ne5 Rf6 30. Rg4 a6 31. b3 Bb5 32. Rh3 Rd7 33. Nxd7 Bxd7 34.
Rhg3 g5 35. Rf3 e5 36. dxe5 Bxg4 37. exf6 Bxf3 38. gxf3 Qxf6 39. Qxd5+ Kf8 40.
fxg5 Qxc3+ 41. Kf2 Qb2+ 42. Kg3 hxg5 43. Qf5+ Ke8 44. Qc8+ Kf7 45. Qxb7+ Kg6
46. Qxa6+ Kh5 47. Qb5 Qd2 48. Qe8+ Kh6 49. Qh8+ Kg6 50. Qe8+ Kh6 51. Qe4 Qc1
52. Kf2 Qd2+ 53. Qe2 Qd4+ 54. Kg2 Qb4 55. Qb2 Qb7 56. Qf6+ Kh5 57. Qf5 Qc7 58.
Kh3 Qg7 59. Qg4+ Kh6 60. Qe6+ Kh5 61. a4 Qa1 62. Qg4+ Kh6 63. Qe6+ Kh5 64. Qg4+
Kh6 65. Qg3 Kh5 66. Qg2 Qb1 67. b4 Kh6 68. b5 Qe1 69. Qh2 Kg6 70. Qc2+ Kh6 71.
Kg2 Qb4 72. Kf2 Qh4+ 73. Ke2 Qh2+ 74. Kd3 Qd6+ 75. Kc3 Qa3+ 76. Qb3 Qc5+ 77.
Kb2 Qf2+ 78. Qc2 Qd4+ 79. Ka2 Qd5+ 80. Kb1 Qd4 81. Qc6+ Kh5 82. b6 Qd1+ 83. Kb2
Qd2+ 84. Kb3 Qd3+ 85. Kb4 Qd2+ 86. Kb5 Qd3+ 87. Ka5 Qd2+ 88. Ka6 Qd3+ 89. Ka7
Qd4 90. a5 1-0

[Event "CPA 2018 Zevio"]
[Site "?"]
[Date "2018.01.27"]
[Round "3.9"]
[White "Zonta, Riccardo"]
[Black "Peloni, Davide"]
[Result "0-1"]
[WhiteElo "1563"]
[BlackElo "1855"]
[PlyCount "60"]
[EventDate "2018.??.??"]

1. e4 Nc6 2. Nc3 e5 3. g3 Bc5 4. Bg2 d6 5. h3 f5 6. exf5 Bxf5 7. d3 Nf6 8. Nge2
Qd7 9. a3 O-O 10. Be3 Bxe3 11. fxe3 Rad8 12. Qd2 Bg6 13. O-O-O d5 14. d4 e4 15.
Nf4 Bf7 16. g4 Qe7 17. Qf2 Na5 18. Bf1 Ne8 19. Qe1 $11 b6 20. h4 Be6 21. Qg3 c6
22. Rd2 Nd6 23. Rdh2 Nac4 24. Bxc4 Nxc4 25. Nb1 Qd6 26. g5 Nxe3 27. Qxe3 Rxf4
28. Rf2 Rdf8 29. Qg3 Qb8 30. Rhf1 Rxf2 0-1

[Event "CPA 2018 Zevio"]
[Site "?"]
[Date "2018.01.27"]
[Round "3.10"]
[White "Pieropan, Giorgio"]
[Black "Rizzi, Matilde"]
[Result "1-0"]
[WhiteElo "1851"]
[BlackElo "1404"]
[PlyCount "52"]
[EventDate "2018.??.??"]

1. e4 e5 2. Nf3 Nc6 3. d4 exd4 4. Bc4 h6 5. O-O Bc5 6. c3 dxc3 7. Bxf7+ Kxf7 8.
Qd5+ Ke8 9. Qxc5 Qe7 10. Qxc3 d6 11. e5 Kf7 12. Bf4 Bf5 13. Re1 Qd7 14. Na3
Nge7 15. exd6 cxd6 16. Rad1 d5 17. Nb5 a6 18. Nbd4 Rhe8 19. Qc5 Rad8 20. h3 Ng6
21. Nxc6 bxc6 22. Rxe8 Rxe8 23. Bg3 Kg8 24. Nd4 Rc8 25. Rc1 Ne7 26. Nxf5 Qxf5
1-0

[Event "CPA 2018 Zevio"]
[Site "?"]
[Date "2018.01.27"]
[Round "3.11"]
[White "Conati, Kevin"]
[Black "Bonini, Roberto"]
[Result "1-0"]
[WhiteElo "1595"]
[BlackElo "1843"]
[PlyCount "95"]
[EventDate "2018.??.??"]

1. e4 c5 2. Nf3 d6 3. d4 cxd4 4. Nxd4 Nf6 5. Nc3 a6 6. Bc4 e6 7. Be3 Be7 8. O-O
Qc7 9. Bd3 O-O 10. f4 Nc6 11. Nf3 b5 12. Qe1 Bb7 13. Qg3 Kh8 14. Qh3 g6 15. g4
Nb4 16. Bd4 Nc6 17. Be3 Rg8 18. Rfe1 Nd7 19. Kf2 Nc5 20. Bxc5 dxc5 21. e5 c4
22. Be4 b4 23. Bxc6 Bxc6 24. Ne4 Bxe4 25. Rxe4 Rad8 26. Qf1 Qb6+ 27. Kg3 c3 28.
bxc3 bxc3 29. Ra4 Ra8 30. Rb1 Qc6 31. Rc4 Qd5 32. Rxc3 Qxa2 33. Ra1 Qb2 34. Rc7
Bd8 35. Rxf7 Qxc2 36. Rxa6 Rxa6 37. Qxa6 g5 38. Qxe6 gxf4+ 39. Rxf4 Qe2 40. Rf7
Qe3 41. Rd7 Rf8 42. Rf7 Rg8 43. Qf5 Qh6 44. e6 Re8 45. g5 Rg8 46. e7 Bc7+ 47.
Kg4 Bd6 48. e8=Q 1-0

[Event "CPA 2018 Zevio"]
[Site "?"]
[Date "2018.01.27"]
[Round "3.12"]
[White "Adami, Antonio"]
[Black "Fusa, Nicola"]
[Result "0-1"]
[WhiteElo "1790"]
[BlackElo "1647"]
[PlyCount "110"]
[EventDate "2018.??.??"]

1. d4 d5 2. Bf4 Bf5 3. c4 e6 4. c5 b6 5. Qa4+ Qd7 6. Qxd7+ Kxd7 7. b4 Nc6 8.
Na3 Nxb4 9. Nf3 f6 10. e3 a6 11. cxb6 cxb6 12. Rc1 Bd6 13. Bxd6 Kxd6 14. Kd2
Nxa2 15. Ra1 Nb4 16. Nb5+ Kd7 17. Be2 Ne7 18. Nc3 Rhc8 19. Nh4 b5 20. Nxf5 Nxf5
21. Rhb1 Nc6 22. Bd3 Nd6 23. h3 g6 24. Rb2 Rcb8 25. Rbb1 Nc4+ 26. Ke2 b4 27.
Na4 a5 28. Nc5+ Kd6 29. f4 Nd8 30. e4 Nc6 31. e5+ fxe5 32. fxe5+ N6xe5 33. Bxc4
Nxc4 34. Kd3 e5 35. Re1 exd4 36. Kxd4 Re8 37. Rf1 Rf8 38. Rfe1 Rf4+ 39. Ne4+
Rxe4+ 40. Rxe4 dxe4 41. Kxc4 Ke5 42. Rd1 Kf4 43. Rd2 Re8 44. Re2 e3 45. Kb5
Re5+ 46. Kc4 Re4+ 47. Kd3 b3 48. Kc3 a4 49. Kb2 Rd4 50. Ka3 Rd2 51. Re1 Ra2+
52. Kb4 b2 53. Rf1+ Ke4 54. Rb1 a3 55. Kb3 Ra1 0-1

[Event "CPA 2018 Zevio"]
[Site "?"]
[Date "2018.01.27"]
[Round "3.13"]
[White "Biasiolo, Michele"]
[Black "Bonavigo, Claudio"]
[Result "0-1"]
[WhiteElo "1440"]
[BlackElo "1764"]
[PlyCount "130"]
[EventDate "2018.??.??"]

1. e4 d6 2. d4 Nf6 3. Nc3 c6 4. Nf3 Bg4 5. Be2 Qc7 6. h3 Bxf3 7. Bxf3 e5 8. Be3
Nbd7 9. O-O Be7 10. a4 O-O 11. Ne2 Rad8 12. Ng3 Rfe8 13. c3 Bf8 14. a5 d5 15.
Qc2 h6 16. Rfd1 dxe4 17. Nxe4 Nxe4 18. Bxe4 Nf6 19. Bf3 e4 20. Be2 Nd5 21. Bc4
Kh8 22. Qe2 f5 23. Bxd5 cxd5 24. g3 Bd6 25. Kg2 Rf8 26. f4 exf3+ 27. Qxf3 f4
28. gxf4 Bxf4 29. Bxf4 Rxf4 30. Qg3 g5 31. Rf1 Rg8 32. b4 h5 33. Qe1 Re4 34.
Qg3 Qe7 35. Rae1 g4 36. h4 Re8 37. Rxe4 Qxe4+ 38. Kh2 Qc2+ 39. Rf2 Qg6 40. Qf4
Kg8 41. Qg5 Kg7 42. Qxg6+ Kxg6 43. Rg2 Re3 44. Rg3 Rxg3 45. Kxg3 Kf5 46. Kf2
Kf4 47. b5 a6 48. bxa6 bxa6 49. Ke2 Ke4 50. Kd2 g3 51. Ke2 g2 52. Kf2 Kd3 53.
Kxg2 Kxc3 54. Kf3 Kxd4 55. Kf4 Kd3 56. Kg5 Ke3 57. Kxh5 d4 58. Kg6 d3 59. h5 d2
60. h6 d1=Q 61. h7 Qg4+ 62. Kf7 Qf5+ 63. Kg8 Qxa5 64. h8=Q Qd8+ 65. Kg7 Qxh8+
0-1

[Event "CPA 2018 Zevio"]
[Site "?"]
[Date "2018.01.27"]
[Round "3.14"]
[White "Casarotto, Michele"]
[Black "Gneo, Marco"]
[Result "1/2-1/2"]
[WhiteElo "1449"]
[BlackElo "1700"]
[PlyCount "54"]
[EventDate "2018.??.??"]

1. d4 Nf6 2. c4 g6 3. Nc3 Bg7 4. Nf3 O-O 5. e4 d6 6. Bf4 c5 7. d5 a6 8. Qd2 b5
9. cxb5 axb5 10. Bxb5 Qa5 11. a4 Na6 12. O-O Nb4 13. e5 dxe5 14. Bxe5 Rd8 15.
Bxf6 Bxf6 16. Rad1 Bg4 17. Qf4 Bxf3 18. Qxf3 Nc2 19. Ne4 Bd4 20. Ng5 Bf6 21.
Ne4 Bd4 22. Bc4 Bg7 23. Ng5 Rf8 24. Nxf7 Nd4 25. Rxd4 cxd4 26. d6 exd6 27.
Nxd6+ Kh8 1/2-1/2

[Event "CPA 2018 Zevio"]
[Site "?"]
[Date "2018.01.27"]
[Round "3.15"]
[White "Pompele, Andrea"]
[Black "Passon, Stefano"]
[Result "0-1"]
[WhiteElo "1447"]
[BlackElo "1689"]
[PlyCount "28"]
[EventDate "2018.??.??"]

1. e4 e5 2. Nf3 Nc6 3. Bc4 Bc5 4. c3 Nf6 5. d4 exd4 6. e5 d5 7. exf6 dxc4 8.
fxg7 Qe7+ 9. Be3 Rg8 10. cxd4 Bb4+ 11. Nc3 Rxg7 12. O-O Bh3 13. Nd5 Bxg2 14.
Nxe7 Bxf3+ 0-1

[Event "CPA 2018 Zevio"]
[Site "?"]
[Date "2018.01.27"]
[Round "3.16"]
[White "Gallo, Fausto"]
[Black "Pisani, Valerio"]
[Result "0-1"]
[WhiteElo "1440"]
[BlackElo "1660"]
[PlyCount "68"]
[EventDate "2018.??.??"]

1. d4 Nf6 2. c4 g6 3. Nc3 Bg7 4. Nf3 O-O 5. e4 d6 6. Be2 Nc6 7. O-O e5 8. Bg5
h6 9. Be3 Ng4 10. h3 Nxe3 11. fxe3 f5 12. exf5 gxf5 13. d5 Ne7 14. Nh4 Bf6 15.
Nf3 e4 16. Nh2 Bg5 17. Qd2 Ng6 18. g3 Bd7 19. a4 a6 20. Kh1 Qe7 21. h4 Bf6 22.
h5 Ne5 23. Qd1 Bg5 24. g4 Bxe3 25. gxf5 Bxf5 26. Qe1 Qg5 27. Nd1 Bd4 28. Nf2
Kh7 29. Rg1 Qh4 30. Rg2 Rg8 31. Nd3 Qxe1+ 32. Nxe1 Bh3 33. Rxg8 Rxg8 34. Nc2
Bg2# 0-1

[Event "CPA 2018 Zevio"]
[Site "?"]
[Date "2018.01.27"]
[Round "3.17"]
[White "Trigili, Franco"]
[Black "Bonelli, Francesco"]
[Result "0-1"]
[WhiteElo "1497"]
[BlackElo "1375"]
[PlyCount "62"]
[EventDate "2018.??.??"]

1. Nf3 Nf6 2. c4 e6 3. d4 b6 4. a3 Bb7 5. Qd3 c5 6. Nc3 cxd4 7. Nxd4 d5 8. cxd5
Nxd5 9. e4 Nxc3 10. bxc3 Bc5 11. Nb5 Nc6 12. Qg3 O-O 13. h4 a6 14. Nc7 Bd6 15.
e5 Bxc7 16. Bh6 Bxe5 17. Bf4 Qf6 18. Bxe5 Qxe5+ 19. Qxe5 Nxe5 20. a4 Rac8 21.
Rh3 Rc7 22. c4 Rfc8 23. Rc1 Bd5 24. f4 Nxc4 25. Rhc3 b5 26. axb5 axb5 27. Rb1
Nd6 28. Ra3 Rc1+ 29. Rxc1 Rxc1+ 30. Kf2 g6 31. g4 Ne4+ 0-1

[Event "CPA 2018 Zevio"]
[Site "?"]
[Date "2018.01.27"]
[Round "3.18"]
[White "Magnabosco, Mauro Denis"]
[Black "Venturini, Valter"]
[Result "1-0"]
[WhiteElo "1745"]
[BlackElo "1387"]
[PlyCount "67"]
[EventDate "2018.??.??"]

1. c4 b6 2. Nc3 Bb7 3. Nf3 Nf6 4. g3 Bxf3 5. exf3 c5 6. Bg2 Nc6 7. O-O Nd4 8.
b3 e6 9. Bb2 Be7 10. Ne2 d5 11. Nxd4 cxd4 12. cxd5 e5 13. f4 exf4 14. Bxd4 Nxd5
15. Bxg7 Rg8 16. Be5 f6 17. Qh5+ Kf8 18. Bb2 Rc8 19. Qxd5 fxg3 20. Qxd8+ Rxd8
21. fxg3 Rxd2 22. Bxf6 Bxf6 23. Rxf6+ Kg7 24. Rf2 Rd6 25. Raf1 Rd7 26. Bc6 Rc7
27. Bb5 Kh8 28. Bc4 Rgc8 29. a4 a5 30. Rf6 Rxc4 31. bxc4 Rxc4 32. Rxb6 Rxa4 33.
Rb7 Kg8 34. Rc1 1-0

[Event "CPA 2018 Zevio"]
[Site "?"]
[Date "2018.01.27"]
[Round "3.19"]
[White "Benedetti, Maurizio"]
[Black "Fiscato, Claudio"]
[Result "1-0"]
[WhiteElo "1644"]
[BlackElo "1678"]
[PlyCount "76"]
[EventDate "2018.??.??"]

1. e4 c5 2. c3 e6 3. d4 Qc7 4. Nf3 d6 5. Bf4 Qb6 6. Qc2 a6 7. Bd3 cxd4 8. cxd4
Nc6 9. a3 Nf6 10. Nc3 h6 11. d5 exd5 12. exd5 Nd8 13. Qe2+ Be7 14. Be3 Qc7 15.
Na4 Qa5+ 16. Nc3 Nxd5 17. Bd2 Ne6 18. Nxd5 Qxd5 19. Be4 Qh5 20. Rc1 O-O 21. Bc3
d5 22. Bb1 Bd7 23. Qe5 Qxe5+ 24. Bxe5 Bb5 25. Kd2 Bc5 26. b4 Bxf2 27. Bd3 Bxd3
28. Kxd3 Bb6 29. Rc2 Rac8 30. Rhc1 Rxc2 31. Rxc2 f6 32. Bg3 Rd8 33. Nh4 Ng5 34.
Nf5 Rd7 35. Rc8+ Kh7 36. Bd6 g6 37. Be7 gxf5 38. Bxf6 Kg6 1-0

[Event "CPA 2018 Zevio"]
[Site "?"]
[Date "2018.01.27"]
[Round "3.20"]
[White "Tencheni, Maurizio"]
[Black "Rausse, Leopoldo"]
[Result "0-1"]
[WhiteElo "1664"]
[BlackElo "1440"]
[PlyCount "106"]
[EventDate "2018.??.??"]

1. Nf3 g6 2. c4 Bg7 3. d4 e6 4. b3 Nf6 5. Bb2 O-O 6. g3 Nc6 7. Bg2 d5 8. O-O
Re8 9. Nbd2 b6 10. a3 Bb7 11. Qc2 Nd7 12. cxd5 exd5 13. e3 a5 14. Rac1 Rc8 15.
Qb1 Nf6 16. Rc2 Ne7 17. b4 Ba6 18. Ne1 Bxf1 19. Kxf1 Qd7 20. Kg1 Qf5 21. Qc1
Qh5 22. Nef3 c6 23. Ne5 Bh6 24. Ndf3 Ng4 25. Nd7 Nf5 26. h3 Nfxe3 27. hxg4 Nxg4
28. Qf1 Qf5 29. Bh3 Qxd7 30. Ne5 Qf5 31. Re2 Rxe5 32. Rxe5 Qd7 33. Qe2 f5 34.
Re7 Qd6 35. Re6 Qf8 36. bxa5 bxa5 37. Qa6 Rb8 38. Qxc6 Qf7 39. Bc3 Bf8 40. Bg2
Rb1+ 41. Be1 Qb7 42. Bxd5 Qxc6 43. Rxc6+ Kg7 44. Re6 Bxa3 45. Kg2 Nf6 46. Bc6
Kf7 47. Re2 Bb4 48. Bxb4 axb4 49. Ba4 Ne4 50. Bc6 Rc1 51. d5 b3 52. Ba4 Nc3 53.
Be8+ Kf8 0-1